000 00358nam a22001697a 4500
003 UA-OsUOA
001 4202
007 ta
008 20050721b un ||||| |||| 00| 0 ukr d
100 _aShakespeare
700 _aWilliam
942 _cBK
040 _aUA-OsUOA
_cUA-OsUOA
_dUA-OsUOA
245 _aHenry IV. Part One
_bReading
955 _a2
650 7 _2UDC
999 _c290364
_d290364